000 00722nas a2200253 4500
001 BR0601025
003 BR-BrBNA
005 20231205105857.0
007 ta
008 230509b bl.|||p| |||| 00| 00por d
040 _aBR-BrBNA
_bpor
_cBiblioteca Nacional de Agricultura
041 _a(Pt)
072 _aL70
100 1 _aPolydoro, A. da S.
100 1 _aNatalini, C.C.
100 1 _aLinardi, R.L.
245 1 _aFirst report on spinal hyperbaric opioids in horses
650 _aEQÜINO
650 _aANESTÉSICO
650 _aCIRURGIA
773 0 _tCiência Rural (Brazil)
_xISSN 0103-8478
_g(Jan-Feb 2006), v. 36(1) p. 307-309
_wBR0601025
909 _a202311
_bLúcia
_c55
_dLúcia Elande
942 _2AGRIS
_n0
_cANA
999 _c185137
_d185137